000 00736cam a2200193 a 4500
001 000006662
005 20200929153953.0
008 830311s1972 sp a 001 0 spa
040 _aDO-SdBNP
_bspa
_cBNPHU
082 _a964.9
_bL8642, 1972
100 1 _aLópez Herrera, Salvador,
_d1915-
_918524
245 1 4 _aLas Islas Canarias a traves de la historia :
_bcon 44 láminas fuera de texto /
_cSalvador López Herrera ; prólogo de Manuel Ballesteros Gaibrois.
250 _a2a ed.
260 _aMadrid :
_bSuc. de Vda. de Galo Sáez,
_c1972.
300 _axx, 201 p. :
_bil. ;
_c23 cm.
504 _aBibliografía: p. 199-201.
651 4 _aCanarias (Islas{Rpara}
_xHistoria
_918525
700 1 _aBallesteros Gaibrois, Manuel,
_epról.
_918526
999 _c6451
_d6451